000 00506nmm a2200169Ia 4500
008 251105s9999||||xx |||||||||||||||||und||
020 _a9788497834070
041 _abaq
100 _aOlaizola Lazkano, Jesus Mari Txiliku
245 0 _aBizitza eredugarriak
264 _a[Madrid, España] :
_bElkar,
_c[Fecha de publicación no identificada]
300 _a264 páginas
490 _aLiteratura
650 _aSpanish narrative
856 _uhttps://public.digitaliapublishing.com/a/85326
942 _cCF
999 _c90606
_d90606